000 00451cam a2200181ua 4500
020 _c6.50
041 _aeng
_h
082 _a954
_bSAT/PO
100 _aSathianathair, R .
245 _aPolitical and cultural history of India,vol-3 /
_cR Sathianathair.
_hTextual Documents
250 _a4 /
_b.
260 _aChennai :
_bS.Viswanathan ,
_c1964.
300 _a624 ; .
365 _a6.50
504 _a
942 _cBK
999 _c7846
_d7846